000 00469nam a22001817a 4500
003 OSt
005 20180116183033.0
008 151231b xxu||||| |||| 00| 0 eng d
020 _a0
040 _c0
082 _a769.358 MAH 2007
100 _aSyed Khalid Mahmood
245 _aSpotlight on World Cup 2003
_cSyed Khalid Mahmood
260 _aKarachi
_bJumbo Publishing
_c2007
300 _a186 p.
_bHB
440 _aSpotlight on World Cup 2003
942 _2ddc
_cBK
999 _c351089
_d351089